Statistics for Countries with the highest white population in Africa

Click here to take the quiz!

General Stats

  • This quiz has been taken 214 times
  • The average score is 8 of 10

Answer Stats

HintAnswer% Correct
4,602,400South Africa
99%
30,000Zimbabwe
90%
200,000Angola
85%
63,834Botswana
85%
154,000Namibia
84%
40,000Zambia
82%
45,000Mozambique
79%
32,000Kenya
77%
120,000Madagascar
60%
41,000Swaziland
45%

Score Distribution

Percentile by Number Answered

Percent of People with Each Score

Your Score History

You have not taken this quiz